Word projects for the garden
| Main Author: | |
|---|---|
| Other Authors: | |
| Format: | Book |
| Published: |
s.l :
Grolier ,
1987
|
| Subjects: |
MARC
| LEADER | 00000cam a2200000 7i4500 | ||
|---|---|---|---|
| 001 | 0000002494 | ||
| 002 | 000002718 | ||
| 005 | 20000330.0 | ||
| 020 | |a T000000266 | ||
| 090 | 0 | 0 | |a 645.8 |b HIL |
| 100 | 1 | |a Hildebrand, Ron | |
| 245 | 1 | 0 | |a Word projects for the garden |c Ron Hildebrand,Gene and Katie Hamilton ; edited by Kate Rider |
| 260 | |a s.l : |b Grolier , |c 1987 | ||
| 300 | |a 96p. ; |c 28cm. | ||
| 650 | 0 | 0 | |a Garden ornaments and furniture |
| 700 | 1 | |a Hamilton, Gene | |
| 999 | |a 033699 |b BUKU |c PINJAMAN |e PERPUSTAKAAN KOMUNITI PETALING JAYA | ||